[Event "Swiss Queens Wed #15"]
[Site "FIDE Online Arena INT"]
[Date "2024.05.08"]
[Round "11"]
[White "Arabidze, Meri"]
[Black "Savitha Shri, B."]
[Result "1-0"]
[WhiteElo "2458"]
[BlackElo "2365"]
[PlyCount "143"]
[EventDate "2024.05.08"]
[EventType "swiss (blitz)"]
[EventRounds "11"]
[EventCountry "NET"]
[SourceTitle "CB20_2024"]
[SourceDate "2024.05.16"]
[SourceVersion "1"]
[SourceVersionDate "2024.05.16"]
[SourceQuality "1"]

1. b3 c5 2. Bb2 Nc6 3. Nf3 d5 4. g3 Nf6 5. Bg2 e6 6. 0-0 Bd6 7. c4 0-0 8. cxd5 exd5 9. d4 Ne4 10. Nc3 Be6 11. Rc1 Nxc3 12. Bxc3 Qe7 13. dxc5 Bxc5 14. e3 Rac8 15. Nd4 Nxd4 16. Bxd4 Rfd8 17. Bxc5 Rxc5 18. Qd4 b6 19. Rcd1 h6 20. Rd2 Rdc8 21. Rfd1 Ra5 22. h3 Qc5 23. Qf4 Qc3 24. Kh2 g5 25. Qd6 Qc7 26. Qb4 Qc5 27. Qxc5 bxc5 28. Bxd5 Bxd5 29. Rxd5 Rxa2 30. Kg2 c4 31. Rd8+ Rxd8 32. Rxd8+ Kg7 33. bxc4 Rc2 34. Ra8 Rxc4 35. Rxa7 Kg6 36. Ra6+ f6 37. g4 Rc8 38. Kg3 Rc2 39. Rb6 Rc3 40. h4 h5 41. gxh5+ Kxh5 42. Rxf6 gxh4+ 43. Kf4 Rc2 44. f3 Rc4+ 45. e4 Rc1 46. Rf8 Rh1 47. Kf5 Kh6 48. Kf6 Kh7 49. f4 h3 50. Rf7+ Kg8 51. Rg7+ Kf8 52. Rh7 Kg8 53. Rh4 h2 54. e5 Rf1 55. Rxh2 Rxf4+ 56. Ke6 Ra4 57. Rd2 Kf8 58. Rd8+ Kg7 59. Ke7 Ra7+ 60. Rd7 Ra8 61. e6 Rb8 62. Ra7 Rc8 63. Kd7 Rc1 64. e7 Rd1+ 65. Ke8 Rd5 66. Ra2 Rb5 67. Rd2 Rb7 68. Kd8 Rb8+ 69. Kc7 Ra8 70. Rd8 Ra7+ 71. Kd6 Ra6+ 72. Kc5 1-0

[Event "Swiss Queens Wed #15"]
[Site "FIDE Online Arena INT"]
[Date "2024.05.08"]
[Round "3"]
[White "Narva, Triin"]
[Black "Savitha Shri, B."]
[Result "0-1"]
[WhiteElo "2079"]
[BlackElo "2365"]
[PlyCount "104"]
[EventDate "2024.05.08"]
[EventType "swiss (blitz)"]
[EventRounds "11"]
[EventCountry "NET"]
[SourceTitle "CB20_2024"]
[SourceDate "2024.05.16"]
[SourceVersion "1"]
[SourceVersionDate "2024.05.16"]
[SourceQuality "1"]

1. e4 c5 2. Nf3 d6 3. Bb5+ Bd7 4. Bxd7+ Nxd7 5. 0-0 Ngf6 6. Qe2 g6 7. c3 Bg7 8. Rd1 0-0 9. d4 Rc8 10. e5 Ne8 11. e6 Ndf6 12. exf7+ Kh8 13. Ng5 Qd7 14. dxc5 Nc7 15. cxd6 exd6 16. Bf4 h6 17. Rxd6 Qb5 18. c4 Qf5 19. Nh3 Rxf7 20. Nc3 Re8 21. Qd2 Rfe7 22. Bxh6 Qe5 23. Bxg7+ Kxg7 24. f3 Ne6 25. Re1 Qc5+ 26. Nf2 Nf4 27. Rxe7+ Rxe7 28. Nce4 Nxe4 29. fxe4 Ne6 30. Rd5 Qxc4 31. Qc3+ Qxc3 32. bxc3 Nf4 33. Rc5 b6 34. Rc4 Rd7 35. g3 Ne6 36. Rc6 Nc5 37. Kg2 Kf7 38. a3 Rd2 39. Kf3 Rc2 40. Rc7+ Ke6 41. Rxa7 Rxc3+ 42. Kg4 Rc2 43. Kf3 Ke5 44. Re7+ Kd4 45. Rg7 Rc3+ 46. Kf4 Ne6+ 47. Kg4 Nxg7 48. Kg5 Rc2 49. Ng4 Ne6+ 50. Kf6 Nc5 51. Kxg6 Nxe4 52. Kf5 b5 0-1

[Event "Sardinia World op-A"]
[Site "Orosei"]
[Date "2024.04.28"]
[Round "2"]
[White "Savitha Shri, B."]
[Black "Sonis, Francesco"]
[Result "0-1"]
[WhiteElo "2363"]
[BlackElo "2562"]
[PlyCount "88"]
[EventDate "2024.04.27"]
[EventType "swiss"]
[EventRounds "9"]
[EventCountry "ITA"]
[SourceTitle "CB19_2024"]
[SourceDate "2024.05.08"]
[SourceVersion "1"]
[SourceVersionDate "2024.05.08"]
[SourceQuality "1"]

1. e4 c5 2. Nf3 d6 3. d4 cxd4 4. Nxd4 Nf6 5. Nc3 a6 6. h3 e5 7. Nb3 Be7 8. Be3 h6 9. Qf3 b5 10. 0-0-0 b4 11. Nd5 Nxd5 12. exd5 a5 13. Nd2 Qc7 14. Kb1 Nd7 15. Qg3 Kf8 16. f4 Bb7 17. Nc4 Ba6 18. b3 e4 19. Bd4 Bf6 20. f5 Bxc4 21. Bxf6 Nxf6 22. Bxc4 Re8 23. Qe3 Re5 24. g4 Ke7 25. Rhe1 Rc8 26. Re2 Qc5 27. Rd4 Kf8 28. Kb2 Rce8 29. Re1 Nd7 30. Rdd1 Rc8 31. Qxc5 Nxc5 32. Re3 Ke7 33. a3 Kf6 34. axb4 axb4 35. c3 bxc3+ 36. Kxc3 Re7 37. Kd4 Rb7 38. h4 Rb4 39. Kc3 Rcb8 40. Kc2 Ke5 41. Rf1 Kd4 42. Rg3 Nd3 43. Rb1 Rc8 44. Rd1 Rcxc4+ 0-1

[Event "Swiss Queens Wed #13"]
[Site "FIDE Online Arena INT"]
[Date "2024.04.24"]
[Round "9"]
[White "Savitha Shri, B."]
[Black "Lesbekova, Asel"]
[Result "0-1"]
[WhiteElo "2363"]
[BlackElo "1870"]
[PlyCount "76"]
[EventDate "2024.04.24"]
[EventType "swiss (blitz)"]
[EventRounds "11"]
[EventCountry "NET"]
[SourceTitle "CB18_2024"]
[SourceDate "2024.05.01"]
[SourceVersion "1"]
[SourceVersionDate "2024.05.01"]
[SourceQuality "2"]

1. e4 e5 2. Nf3 Nf6 3. Nxe5 Nxe4 4. Qe2 Qe7 5. Qxe4 d6 6. d4 dxe5 7. Qxe5 Qxe5+ 8. dxe5 Bf5 9. Bd3 Bxd3 10. cxd3 Nc6 11. f4 Nb4 12. Kd2 0-0-0 13. Nc3 Nxd3 14. Ke2 Bb4 15. Rd1 Nc5 16. Nd5 Na6 17. Be3 Bc5 18. Bxc5 Nxc5 19. Rac1 Ne6 20. Ke3 g6 21. g4 Rd7 22. f5 gxf5 23. gxf5 Ng7 24. f6 Ne6 25. Ne7+ Kd8 26. Ke4 c6 27. h4 h5 28. Rxd7+ Kxd7 29. Rd1+ Kc7 30. Rg1 Rd8 31. Rg7 Rd4+ 32. Ke3 Rxh4 33. Rxf7 Rh3+ 34. Kf2 Ng5 35. Ng6+ Kb6 36. Re7 h4 37. Kg2 Rg3+ 38. Kh1 Nf3 0-1